Nebuchadnezzar and the babylonians

Bibliographic Details
Main Author: Rowland-Entwistle, Theodore
Other Authors: Wood, Gerry (illustrated)
Format: Book
Published: Englnd : Wayland , 1986
Series:Life and Times
Subjects:

MARC

LEADER 00000cam a2200000 7i4500
001 0000002093
002 000002287
005 20000330.0
020 |a 0850787610 
090 0 0 |a JR 909   |b LIF 
100 1 |a Rowland-Entwistle, Theodore 
245 1 0 |a Nebuchadnezzar and the babylonians   |c Theodore Rowland-Entwistle ; illustrated by Gerry Wood 
260 |a Englnd :   |b Wayland ,   |c 1986 
300 |a 61 p. :   |b ill. ;   |c 23 cm. 
490 0 |a Life and Times 
651 0 |a Babylonia   |x Social life and customs   |x Juvenile literature 
700 1 |a Wood, Gerry ,   |e illustrated 
999 |a 033682   |b BUKU   |c RUJUKAN   |e PERPUSTAKAAN KOMUNITI PETALING JAYA